Environment / (Record no. 17999)

000 -LEADER
fixed length control field 01321cam a2200313 a 4500
001 - CONTROL NUMBER
control field 16163023
005 - DATE AND TIME OF LATEST TRANSACTION
control field 20190306020054.0
008 - FIXED-LENGTH DATA ELEMENTS--GENERAL INFORMATION
fixed length control field 100330s2010 njua b 001 0 eng
010 ## - LIBRARY OF CONGRESS CONTROL NUMBER
LC control number 2010290915
020 ## - INTERNATIONAL STANDARD BOOK NUMBER
International Standard Book Number 9780470118573
040 ## - CATALOGING SOURCE
Original cataloging agency DLC
Transcribing agency DLC
Modifying agency DLC
050 00 - LIBRARY OF CONGRESS CALL NUMBER
Classification number GE70
Item number .R38 2010
100 1# - MAIN ENTRY--PERSONAL NAME
Personal name Raven, Peter H.
245 10 - TITLE STATEMENT
Title Environment /
Statement of responsibility, etc. Peter H. Raven, Linda R. Berg, David M. Hassenzahl.
250 ## - EDITION STATEMENT
Edition statement 7th ed.
260 ## - PUBLICATION, DISTRIBUTION, ETC. (IMPRINT)
Place of publication, distribution, etc. Hoboken, N.J. :
Name of publisher, distributor, etc. J. Wiley & Sons, c2010.
300 ## - PHYSICAL DESCRIPTION
Extent xx, 589, A1-12, G1-16, T1-2, I1-16 p. :
Other physical details ill. (some col.) ;
Dimensions 26 cm.
500 ## - GENERAL NOTE
General note Fold-out data sheet inserted.
504 ## - BIBLIOGRAPHY, ETC. NOTE
Bibliography, etc Includes bibliographical references and index.
650 #0 - SUBJECT ADDED ENTRY--TOPICAL TERM
Topical term or geographic name as entry element Environmental education.
650 #0 - SUBJECT ADDED ENTRY--TOPICAL TERM
Topical term or geographic name as entry element Environmental policy.
650 #0 - SUBJECT ADDED ENTRY--TOPICAL TERM
Topical term or geographic name as entry element Conservation of natural resources.
700 1# - ADDED ENTRY--PERSONAL NAME
Personal name Berg, Linda R.
700 1# - ADDED ENTRY--PERSONAL NAME
Personal name Hassenzahl, David M.
856 42 - ELECTRONIC LOCATION AND ACCESS
Materials specified Publisher description
Uniform Resource Identifier <a href="http://www.loc.gov/catdir/enhancements/fy1008/2010290915-d.html">http://www.loc.gov/catdir/enhancements/fy1008/2010290915-d.html</a>
856 41 - ELECTRONIC LOCATION AND ACCESS
Materials specified Table of contents only
Uniform Resource Identifier <a href="http://www.loc.gov/catdir/enhancements/fy1008/2010290915-t.html">http://www.loc.gov/catdir/enhancements/fy1008/2010290915-t.html</a>
942 ## - ADDED ENTRY ELEMENTS (KOHA)
Source of classification or shelving scheme
Koha item type Hard Covered Materials
Classification part GE70 .R38 2010
Koha issues (borrowed), all copies 5
Holdings
Withdrawn status Lost status Source of classification or shelving scheme Damaged status Not for loan Home library Current library Shelving location Date acquired Source of acquisition Total Checkouts Full call number Barcode Date last seen Date last checked out Price effective from Koha item type
          MACHAKOS UNIVERSITY LIBRARY MACHAKOS UNIVERSITY LIBRARY Open shelf 30/11/2016 Donation(BFA) 5 GE70 .R38 2010 28517 07/06/2019 05/03/2019 30/11/2016 Hard Covered Materials
          MACHAKOS UNIVERSITY LIBRARY MACHAKOS UNIVERSITY LIBRARY Technical section 30/11/2016 Donation(BFA)   GE70 .R38 2010 28518 11/06/2018   30/11/2016 Hard Covered Materials
          MACHAKOS UNIVERSITY LIBRARY MACHAKOS UNIVERSITY LIBRARY Technical section 30/11/2016 Donation(BFA)   GE70 .R38 2010 28515 12/06/2019   30/11/2016 Hard Covered Materials
          MACHAKOS UNIVERSITY LIBRARY MACHAKOS UNIVERSITY LIBRARY Open shelf 10/02/2017 Donation (BFA)   GE 70 .R38 2010 35520 10/02/2017   10/02/2017 Hard Covered Materials
          MACHAKOS UNIVERSITY LIBRARY MACHAKOS UNIVERSITY LIBRARY Open shelf 10/02/2017 Donation (BFA)   GE 70 .R38 2010 35516 10/02/2017   10/02/2017 Hard Covered Materials
          MACHAKOS UNIVERSITY LIBRARY MACHAKOS UNIVERSITY LIBRARY Technical section 10/02/2017 Donation (BFA)   GE 70 .R38 2010 35519 31/05/2018   10/02/2017 Hard Covered Materials
© Machakos University Library, Along The Highway, Machakos Wote Rd, Machakos, Kenya P.O. Box 136 - 90100 Machakos - Kenya

Tel: ( +254 ) 723 805829 OR Fax : 044-20353 OR Email: library@mksu.ac.ke